Latein Endungen der gemischten Deklination - Statistiken

Allgemein
  • Dieses Quiz wurde 74 mal gespielt
  • Das Durchschnittsergebnis liegt bei 4 aus 10
Antwortstatistiken
Kasus Endung % Korrekt
Nominativ ()
100%
Dativ I
71%
Ablativ E
46%
Genitiv Is
44%
Nominativ Es
29%
Akkusativ Es
29%
Akkusativ Em
25%
Dativ Ibus
17%
Ablativ Ibus
17%
Genitiv Ium
8%
Keine übereinstimmenden Quizze gefunden
Verteilung der Resultate
Anzahl Personen mit jedem Resultat
Perzentil nach korrekt beantworteten Fragen
Ihre Resultats-Entwicklung
Sie haben dieses Quiz noch nicht gespielt